Prostriedky a hodnotenie knižničných a vedeckoinformačných procesov /
Enregistré dans:
| Auteur principal: | |
|---|---|
| Format: | Livre |
| Langue: | slovaque |
| Publié: |
Bratislava :
Centrum VTI SR,
1997
|
| Édition: | 1.vyd. |
| Sujets: | |
| Tags: |
Pas de tags, Soyez le premier à ajouter un tag!
|
MARC
| LEADER | 00000nam a22000003a 4500 | ||
|---|---|---|---|
| 001 | stu45899 | ||
| 005 | 20150617225716.7 | ||
| 008 | 970811s1997----cs------------------slo-d | ||
| 020 | |a 80-85165-62-7 | ||
| 040 | |a STU |b slo | ||
| 041 | 0 | |a slo | |
| 044 | |a cs | ||
| 080 | |a 001.8 |7 stu_us_auth*stu7852 | ||
| 100 | 1 | |a Krištofiková, Eva |4 aut | |
| 245 | 1 | |a Prostriedky a hodnotenie knižničných a vedeckoinformačných procesov / |c [aut.]Eva Krištofiková | |
| 250 | |a 1.vyd. | ||
| 260 | |a Bratislava : |b Centrum VTI SR, |c 1997 | ||
| 300 | |a 157 s | ||
| 650 | 7 | |a Veda knižničná |2 stusub | |
| 650 | 7 | |a hodnotenie |2 stusub | |
| 650 | 7 | |a Informácie vedecké |2 stusub | |
| 996 | |b 284M034815 |c M*9554-1 |l MMKN |s A |a 24 |w stu45899_0001 | ||